Регионална библиотека "Любен Каравелов" - Русе

Кой управлява света? (Запис номер 71587)

MARC детайли
000 -Лидер
Контролно поле с фиксирана дължина 02299nam a2200409 c 4500
003 - Код на организацията, давaща контролен номер
Контролно поле BLK
005 - Дата и час на последна редакция
Контролно поле 20250228005530.0
008 - Елементи от данни с фиксирана дължина
fixed length control field 180408b bul|||||r ||||||| ||bul||
010 ## - Наследен системен номер
LC control number KNG00075958000
020 ## - Международен стандартен номер на книга ISBN
Международен стандартен номер на книга ISBN 978-954-26-0542-3
-- издат.: Хермес
040 ## - Източник на каталожния запис
Идентификатор на билиотеката - собственик на записа BLK
041 ## - Код за език
Код за езика на текст/звукозапис или на отделно заглавие Български
Код за езика КДБФ Български
080 ## - УДК
Текстов определител УДК Международни политически отношения. Световна политика. Международна политика. Дипломация
УДК код - определител по УДК 327
УДК определител
УДК - код + определител 327
080 ## - УДК
Текстов определител УДК Общество (в цялост). Обществото като система. - Обществено развитие в цялост. Социология на отделните обществени системи
УДК код - определител по УДК 316.32
УДК определител
УДК - код + определител 316.32
080 ## - УДК
Текстов определител УДК Международни икономически отношения. Външностопанска политика. Световно стопанство
УДК код - определител по УДК 339.9
УДК определител
УДК - код + определител 339.9
100 1# - Редна дума - Автор
Автор Бърнет, Том
Авторска отговорност първи автор
R(LIN) 295494
139 ## - Редно поле
Редна дума Бърнет, Том и др.
Авторски знак Бър - Б 93
245 10 - Сведения за заглавието
Заглавие Кой управлява света?
Подзаглавни данни Войната между глобализацията и демокрацията
Редно поле (дума) Том Бърнет; съавт. Алекс Геймс; прев. от англ. Надежда Иванова Розова.
257 ## - Страна на издаване
Страна на създаване/издаване Великобритания
260 ## - Област на издателските данни
-- Пловдив
Име на издателя, разпространителя и проч. Хермес
Година на издаване 2007
Печатница Хасково : Полиграфюг
300 ## - Физическа характеристика
Страници 320 с.
Размери/Мащаб 20 см
380 ## - Жанр
Жанр Обществени науки
490 1# - СЕРИИ (Колекции)
Име на серия Серия Конспирацията
500 ## - Общи забележки
Забележка Ориг. загл. Who really runs the world ? / Thom Burnett Alex Games. - Том Бърнет - псевд. на англ. автор. - Библиогр. с. 309-311 ; Азб. показалец.
504 ## - Забележка за наличие на библиография и др
Забележка за наличие на библиография и под. 309-311
650 #0 - Допълнително описание по предмет – тема
Основно описание – тема или топоним Глобални проблеми на човечеството
9 (RLIN) 270201
650 #0 - Допълнително описание по предмет – тема
Основно описание – тема или топоним Международни отношения
9 (RLIN) 245477
653 ## - Ключова дума – ненормативна
Ключова дума глобализация
653 ## - Ключова дума – ненормативна
Ключова дума международни отношения
700 1# - Други автори (авторска отговорност)
Лично име Геймс, Алекс
Автороска отговорност (Описва отношението между автора и произведението) съавт.
9 (RLIN) 51692
852 ## - Местоположение
Форматна сигнатура Цб 234543
856 4# - Електронен адрес и достъп
Електронен формат pdf - файл
Път до файла /url/
856 4# - Електронен адрес и достъп
Електронен формат pdf - файл
Път до файла /url/
942 ## - АРТИКУЛИ
Вид на библиотечния материал Книги
Скрит в OPAC Не
Koha issues (borrowed), all copies 4
944 ## - СЪЗДАВАНЕ И РЕДАКЦИЯ на ЗАПИСА
Създаване/Редакция Създаване
Дата на регистрацията/редакция 22.06.2007
Служител, извършил регистрацията/редакцията
Статус, дата на статуса CRON CRON
944 ## - СЪЗДАВАНЕ И РЕДАКЦИЯ на ЗАПИСА
Създаване/Редакция Редакция
Дата на регистрацията/редакция 16.08.2016
Служител, извършил регистрацията/редакцията Виолета_Тройчева
999 ## - СИСТЕМНИ КОНТРОЛНИ НОМЕРА
Koha biblionumber 71587
Koha biblioitemnumber 71587
Наличности
Код за отписване Код за изгубен артикул Код за повреда Коз за рестрикции Код за отдаване Артикулен № Име на библиотеката - собственик Име на библиотеката, в която се намира в момента Статус (Текущо местоположение) Дата на вписване в системата Местоположение - отдел Цена в лева Инвентарен номер Систематично азбучна сигнатура Баркод Номер на екземпляра Цена в евро Служебна бележка Служебен тип на артикула
  Не е изгубен Не е повреден без рестрикции заемане за дома 116837 Регионална библиотека "Любен Каравелов" Русе Регионална библиотека "Любен Каравелов" Русе Заемна - подръчен фонд 2007-06-22 Заемна - подръчен фонд 11.95 120000714859 П 327/Б 93 120000714859 1 6.11 Дост: Pk Вид: Ф N: 5883 Дата: 20.06.2007 Дата инв: 02.02.2018 Бележки инв: П2018 Книги
  Не е изгубен Не е повреден без рестрикции заемане за дома 116838 Регионална библиотека "Любен Каравелов" Русе Регионална библиотека "Любен Каравелов" Русе Заемна - подръчен фонд 2007-06-22 Заемна - подръчен фонд 11.95 120000714860 П 327/Б 93 120000714860 2 6.11 Дост: Pk Вид: Ф N: 5883 Дата: 20.06.2007 Дата инв: 02.02.2018 Бележки инв: П2018 Книги
  Не е изгубен Не е повреден без рестрикции ползва се в читалня 116839 Регионална библиотека "Любен Каравелов" Русе Регионална библиотека "Любен Каравелов" Русе Хранилище 2008-02-12 Хранилище 11.95 120000723176 Цб 234543 120000723176 3 6.11 Дост: Dp Вид: Д N: 45 Дата: 17.10.2007 Книги
Vip Innovations Ltd, Rousse, Bulgaria 2025